| 000 | 00663nam a2200181 a 4500 | ||
|---|---|---|---|
| 001 | 001072702 | ||
| 003 | AM-YeHGA | ||
| 005 | 20250617151243.0 | ||
| 008 | 150415s1975 ||| r 000 0 rus d | ||
| 040 | _aAM-YeHGA | ||
| 041 | 0 | _arus | |
| 245 | 0 | 0 |
_aДружба : _bЛитературно-художественный сборник / _cСост. В. Панов. |
| 260 |
_aЙошкар-Ола : _bМарийское кн. изд-во, _c1975. |
||
| 300 | _a222 с. | ||
| 653 | 0 | _aРусская литература - Литературные сборники | |
| 700 | 1 |
_aПанов, Владимир Михайлович _ecост. _4com |
|
| 090 | _c349484 | ||
| 999 |
_c347679 _d347679 |
||